Vista normal
Vista MARC
Entrada Personal Name
Número de registros utilizados en: 1
001 - CONTROL NUMBER
- control field: 18002
003 - CONTROL NUMBER IDENTIFIER
- control field: DLC
005 - DATE AND TIME OF LATEST TRANSACTION
- control field: 20260409133723.0
008 - FIXED-LENGTH DATA ELEMENTS
- fixed length control field: 180504n| azannaabn |a aaa
010 ## - LIBRARY OF CONGRESS CONTROL NUMBER
- LC control number: n 2018025932
035 ## - SYSTEM CONTROL NUMBER
- System control number: (OCoLC)oca11331572
040 ## - CATALOGING SOURCE
- Original cataloging agency: DLC
- Language of cataloging: spa
- Description conventions: rda
- Transcribing agency: Mx-PuUPA
- Modifying agency: DLC
- Modifying agency: HU
- Modifying agency: OCoLC
- Modifying agency: Mx-PuUPA
046 ## - SPECIAL CODED DATES
- Birth date: 1918
- Death date: 1993
- Source of date scheme: edtf
100 1# - HEADING--PERSONAL NAME
- Personal name: Lubich, Gino,
- Dates associated with a name: 1918-1993
370 ## - ASSOCIATED PLACE
- Associated country: Italia
- Other associated place: Trento (Italia)
- Source of term: naf
373 ## - ASSOCIATED GROUP
- Associated group: Movimiento de los Focolares
- Source of term: naf
374 ## - OCCUPATION
- Occupation: Periodista
- Occupation: Autor
- Source of term: lcsh
375 ## - GENDER
- Gender: hombre
400 1# - SEE FROM TRACING--PERSONAL NAME
- Personal name: Lubich, G.
- Fuller form of name: (Gino),
- Dates associated with a name: 1918-1993
500 1# - SEE ALSO FROM TRACING--PERSONAL NAME
- Personal name: Lorit, Sergio C.
670 ## - SOURCE DATA FOUND
- Source citation: Gino Lubich : partigiano e giornalista, 2017:
- Information found: t.p. (Gino Lubich; [partisan and journalist]) p. 21 (he was two years old in 1920 when his sister Silvia [Chiara Lubich--founder of Focolare Movement] was born) p. 75, etc. (following the war, in which he had been imprisoned for partisan activity, he turned to journalism, writing first for "L'Unità," and after renouncing Communism, for "Città nuova," publishing arm of Focolare; initially wrote his lives of the saints under pseudonym Sergio Lorit) p. 109 (died on Sept. 3, 1993)
670 ## - SOURCE DATA FOUND
- Source citation: LC database, May 9, 2018:
- Information found: (usage: Gino Lubich; G. Lubich)
670 ## - SOURCE DATA FOUND
- Source citation: VIAF, viewed May 4, 2018:
- Information found: (SUDOC hdg.: Lubich, Gino, 1918-1993)